000 00616nam a2200217 a 4500
001 26904
003 BD-RjUL
005 20211209051102.0
008 140324s1967 pk b 001 0 eng d
035 _a(BD-RjUL)26975
040 _aBD-RjUL
_beng
_cBD-RjUL
_dBD-RjUL
041 _aeng
082 _a320.954035
_bALP 1967
100 1 _aAllana, G.
_957889
245 0 0 _aPakistan movement :
_bhistoric documents /
_cby G. Allana
260 _aKarachi :
_bUniversty of Karachi,
_c1967.
300 _a467 :
_bmaps ;
_c22 cm.
504 _aIncludes index.
650 0 _aPakistan movement
_xSources
_982699
942 _2ddc
_cBK
999 _c26904
_d26904